00861cam a22002294a 450000500170000000800410001702000180005803500240007604000500010004100080015006000110015810000260016924500760019526000520027130000600032349000310038350400530041465000380046765000490050565000590055470000180061320180312112553.0160209s2012 xxuao fr 001 0 eng d a9781603274258 a(OCoLC)ocn809886735 aCO-BoUCMbspacSandra PalaciodSandra Palacio0 aeng10aWL 3901 aBhidayasiri, Roongroj10aMovement disorders bA video atlas cRoongroj Bhidayasiri, Daniel Tarsy aNueva York (Estados Unidos)bHumana Pressc2012 axv, 249 páginasbilustraciones y fotografíase1 DVD0 aCurrent clinical neurology aIncluye referencias bibliográficas e índices 7aDesordenes del movimiento vAtlas 7aDesordenes del movimiento vEstudio de casos 7aDesordenes del movimiento vEstudios reportadosvVideo1 aTarsy, Daniel